کلا مے بنزیرے / (Record no. 108935)

MARC details
000 -LEADER
fixed length control field 00880nam a22002657a 4500
005 - DATE AND TIME OF LATEST TRANSACTION
control field 20170123162347.0
010 ## - LIBRARY OF CONGRESS CONTROL NUMBER
LC control number 172010
020 ## - INTERNATIONAL STANDARD BOOK NUMBER
Terms of availability 6.00
035 ## - SYSTEM CONTROL NUMBER
System control number 172010
037 ## - SOURCE OF ACQUISITION
Source of stock number/acquisition Cen Lib/Ret
040 ## - CATALOGING SOURCE
Original cataloging agency DPL
Language of cataloging UR
082 ## - DEWEY DECIMAL CLASSIFICATION NUMBER
Classification number 841
Item number و ا ر
100 ## - MAIN ENTRY--PERSONAL NAME
Personal name اکبر الدین سددیقی
9 (RLIN) 117788
245 ## - TITLE STATEMENT
Title کلا مے بنزیرے /
Statement of responsibility, etc اکبر الدین سددیقی
246 ## - VARYING FORM OF TITLE
Title proper/short title klame bnzeeri
Remainder of title editd by Akbar Aldeen Siddiqi
260 ## - PUBLICATION, DISTRIBUTION, ETC. (IMPRINT)
Place of publication, distribution, etc حیدر آباد
Name of publisher, distributor, etc کلچر ار جامیا عثمانیہ
Date of publication, distribution, etc 1958
270 ## - ADDRESS
City حیدر آباد
300 ## - PHYSICAL DESCRIPTION
Extent 460p.
Dimensions 18cm(Hb)
650 ## - SUBJECT ADDED ENTRY--TOPICAL TERM
Topical term or geographic name as entry element ادب -- اردو
9 (RLIN) 133200
650 ## - SUBJECT ADDED ENTRY--TOPICAL TERM
Topical term or geographic name as entry element اردو-- غزل
General subdivision
9 (RLIN) 133201
650 ## - SUBJECT ADDED ENTRY--TOPICAL TERM
Form subdivision
Topical term or geographic name as entry element Literature -- Urdu
9 (RLIN) 133202
650 ## - SUBJECT ADDED ENTRY--TOPICAL TERM
Topical term or geographic name as entry element Urdu-- Poetry
9 (RLIN) 133203
700 ## - ADDED ENTRY--PERSONAL NAME
Personal name edited by Siddiqi, Akabr Aldeen
9 (RLIN) 133204
942 ## - ADDED ENTRY ELEMENTS (KOHA)
Source of classification or shelving scheme Dewey Decimal Classification
Koha item type Urdu Bks
Classification part 841
Call number suffix و ا ر
Holdings
Withdrawn status Lost status Damaged status Not for loan Home library Current library Date acquired Source of acquisition Cost, normal purchase price Total Checkouts Full call number Barcode Date last seen Copy number Cost, replacement price Price effective from Koha item type
        Central Library Central Library 12/02/2016 Cen Lib/Ret 6.00   841 و ا ر 172010 12/02/2016 1 6.00 12/02/2016 Urdu Bks

© Delhi Public Library
Hit Counter
free hit counter